000 01073nam a2200241 a 4500
001 000992974
003 AM-YeHGA
005 20250617150339.0
008 131115s1963 ||| r 000 0 rus d
040 _aAM-YeHGA
041 0 _arus
100 1 _aОрлов, Михаил Федорович
_d1788-1842
245 1 0 _aКапитуляции Парижа :
_bПолитические сочинения; Письма /
_cМ.Ф. Орлов; Изд. подгот. С.Я. Боровой, М.И. Гиллельсон.
260 _aМосква :
_bИзд-во АН СССР,
_c1963.
300 _a374 с. :
_bил.
440 0 _aЛитературные памятники / АН СССР
505 2 _aМ.Ф. Орлов и литературное наследие / С.Я. Боровой
653 0 _aРоссия - История, 19 в.
653 0 _aДекабристы
653 0 _aОбщественная мысль в России, 19 в. - Документы и материалы
700 1 _aБоровой, С.Я.
_eсост.
_4com
090 _c331009
999 _c329255
_d329255